|
|
|
|
| LEADER |
02883nam a22004093i 4500 |
| 001 |
EBC6896373 |
| 003 |
MiAaPQ |
| 005 |
20231204023221.0 |
| 006 |
m o d | |
| 007 |
cr cnu|||||||| |
| 008 |
231204s2022 xx o ||||0 eng d |
| 020 |
|
|
|a 9781637421666
|q (electronic bk.)
|
| 020 |
|
|
|z 9781637421659
|
| 035 |
|
|
|a (MiAaPQ)EBC6896373
|
| 035 |
|
|
|a (Au-PeEL)EBL6896373
|
| 035 |
|
|
|a (OCoLC)1301481950
|
| 040 |
|
|
|a MiAaPQ
|b eng
|e rda
|e pn
|c MiAaPQ
|d MiAaPQ
|
| 050 |
|
4 |
|a HD47.3
|
| 082 |
0 |
|
|a 658.1552
|
| 100 |
1 |
|
|a Theisen, Craig.
|
| 245 |
1 |
0 |
|a C-O-S-T :
|b Cost Optimization System and Technique.
|
| 250 |
|
|
|a 1st ed.
|
| 264 |
|
1 |
|a New York :
|b Business Expert Press,
|c 2022.
|
| 264 |
|
4 |
|c Ã2022.
|
| 300 |
|
|
|a 1 online resource (404 pages)
|
| 336 |
|
|
|a text
|b txt
|2 rdacontent
|
| 337 |
|
|
|a computer
|b c
|2 rdamedia
|
| 338 |
|
|
|a online resource
|b cr
|2 rdacarrier
|
| 505 |
0 |
|
|a Cover -- Halftitle -- Title -- Copyright -- Description -- Contents -- Acknowledgments -- Introduction -- Chapter 1: The Executive Workshop Kickoff -- Chapter 2: Potential Impact of the C-O-S-T Approach -- Chapter 3: C-O-S-T Overview -- Chapter 4: Best Competitive Strategy -- Chapter 5: Cost of Goods Sold -- Chapter 6: High-Impact Value Stream -- Chapter 7: Eight Types of Waste -- Chapter 8: Optimized Cost of Goods Sold -- Chapter 9: Innovation Through Production -- Chapter 10: Engaged CEO, Top, and Middle Management -- Chapter 11: Product Development Team -- Chapter 12: Cost Optimization Manager -- Chapter 13: Dinner at Terra Nelore -- Chapter 14: Cost Optimization Manager: Talent, Skill, and Knowledge -- Chapter 15: Cost Optimization Executive -- Chapter 16: Support Functions -- Chapter 17: Cost Optimization Workshop -- Chapter 18: Idea Implementation -- Chapter 19: Master Ideas List -- Chapter 20: Methods Benchmarking -- Chapter 21: Advancing the Benchmark -- Chapter 22: Dinner at Bill and Carla's -- Chapter 23: Value Engineering -- Chapter 24: Cost Optimization Key Measures -- Chapter 25: Reports/Reviews -- Chapter 26: Margin Protection -- Chapter 27: Aligned Operating Expenses -- Chapter 28: C-O-S-T Training -- Chapter 29: C-O-S-T Maturation and Culture -- Notes -- References -- Glossary -- About the Author -- Index -- Adpage -- Backcover.
|
| 588 |
|
|
|a Description based on publisher supplied metadata and other sources.
|
| 590 |
|
|
|a Electronic reproduction. Ann Arbor, Michigan : ProQuest Ebook Central, 2023. Available via World Wide Web. Access may be limited to ProQuest Ebook Central affiliated libraries.
|
| 650 |
|
0 |
|a Cost effectiveness.
|
| 650 |
|
0 |
|a Costs, Industrial.
|
| 655 |
|
4 |
|a Electronic books.
|
| 776 |
0 |
8 |
|i Print version:
|a Theisen, Craig
|t C-O-S-T
|d New York : Business Expert Press,c2022
|z 9781637421659
|
| 797 |
2 |
|
|a ProQuest (Firm)
|
| 856 |
4 |
0 |
|u https://ebookcentral.proquest.com/lib/matrademy/detail.action?docID=6896373
|z Click to View
|